Insights into modern mathematics

Saved in:
Bibliographic Details
Corporate Author: National Council of Teachers of Mathematics
Format: Book
Language:English
Published: Washington : The National Council of Teachers of Mathematics, 1960, c1957
Series:Yearbook (National Council of Teachers of Mathematics) 23
Subjects:
Tags: Add Tag
No Tags, Be the first to tag this record!

MARC

LEADER 00000cam a2200000 a 4500
001 1/107378
008 150713r19601957us | ||| |||| ||eng||
040 |a GR-MyUa  |b gre  |c GR-MyUa  |e AACR2 
041 0 |a eng 
082 7 |a 515   |2 (23) 
110 2 |a National Council of Teachers of Mathematics. 
245 1 0 |a Insights into modern mathematics  
260 |a Washington :   |b The National Council of Teachers of Mathematics,   |c 1960, c1957 
300 |a viii, 440 σ. :   |b σχέδια ;   |c 24 εκ.  
490 1 |a Yearbook (National Council of Teachers of Mathematics)   |v  ; 23  
650 0 |a Mathematics. 
650 0 |a Mathematics  |x Study and teaching (Secondary) 
830 0 |a Yearbook (National Council of Teachers of Mathematics)  |v  23 
852 |a INST  |b SAMOS  |c MAG  |e 20150713  |h 515 NAT  |p 005300035605  |q 005300035605  |t BK  |y 0 
970 |a Σιτζίμη  |b Γιασεμή  |z 13/07/2015